000 00240nam a2200097 a 4500
005 20200930065731.0
008 110719s2004 000 spa d
245 0 _aOpúsculo : Jerusalén, Ciudad Santa.
260 _c[s.f.].
999 _c32100
_d32100
040 _aDO-SdBNP